000 01296cab a2200253 4500
001 ABS58803
008 090401t1998 xxu||||| |||| 00| 0 eng d
035 _a(Sirsi) u86435
041 _aeng
245 _aBenjamin (VO) v Anston Properties Ltd
260 _c1998
350 _a0
490 _aEstates Gazette
_v[1998] 19 EG 163-169(7)
520 _aLT 22 April 1998. The valuation officer (B) appealed against a decision by the Valuation Tribunal that an assessment of office buildings be reduced from £272,000 to £11,751 as the building was in disrepair, and that the agreed cost of bringing it to its market value would be £300,000. The Lands Tribunal ordered that a point of law be determined as to whether the hereditament be valued as it physically was, or that any disrepair had been remedied by a hypothetical landlord save that which falls to be excluded by virtue of an economic test. "Held" for the former point; appeal dismissed.
650 _aBENJAMIN (VO) V ANSTON PROPERTIES LTD
650 _aCIVIL AVIATION AUTHORITY V LANGFORD
650 _aDISREPAIR
650 _aHYPOTHETICAL LEASE
650 _aLOCAL GOVERNMENT FINANCE ACT 1988 SCHED 6
650 _aSAUNDERS V MALTBY (VO)
690 _aRATING AND VALUATION-CASE LAW
942 _n0
948 _c28/05/1998
999 _c54401
_d54401